000 00505nam a22001817a 4500
003 OSt
005 20260303001915.0
008 260202b |||||||| |||| 00| 0 eng d
020 _a978-971-27-2344-5
040 _aDWCL-Main Lib
_cOC
082 _aFil. 808.81 Y94 2010
100 _aYuzon, Alfred A.
245 _aPoems singkwetay cinco
260 _aPasig City :
_bAnvil Publishing,
_cc2010.
300 _a100 p. ;
_c20 cm.
650 _aPoems - Collection - Filipino.
942 _2ddc
_cBK - FIL
_mFil.
_n0
999 _c8126
_d8126